000 00578nam a2200229Ia 4500
008 180523s9999 xx 000 0 und d
020 _a81-7473-087-7
050 _aMAIN HB 172.5
050 _b.B73 2005
100 _aBranson, William H.
245 0 _aMacroeconomic theory and policy /
245 0 _cWilliam H. Branson.
250 _a2nd Edition
260 _aNew Delhi :
260 _bAITBS Publishers,
260 _c2005
300 _a556 pages :
300 _billustrations ;
300 _c24 cm.
500 _aIncludes index.
650 _aMacroeconomics.
999 _c356782
_d356782